000 00573nam a2200181Ia 4500
008 090123s9999 xx 000 0 und d
082 _b25728
100 _aतावडे ममता
245 _aअशाच एका झाडाखाली
250 _a0
260 _bप्रिया प्रकाशन
300 _a111
600 _aतावडे ममता
630 _aअशाच एका झाडाखाली
700 _aतावडे ममता
730 _aअशाच एका झाडाखाली
942 _cBOOK
999 _c63799
_d63799